000 00644nam a2200205Ii 4500
003 JO-AjNU
008 230605s9999||||xx |||||||||||||| ||und||
040 _aJO-AjNU
_bara
_erda
_cJO-AjNU
041 _aara
050 1 4 _aK1503.1967
100 3 _a العمري، أحمد سويلم ,
_eauthor
_946870
245 0 0 _aبراءات الاختراع
250 _a(د،ط)
264 3 1 _aالقاهرة : المكتبة العربية ، 1967
300 _a162ص
336 _atext
_btxt
_2rdacontent
337 _aunmediated
_bn
_2rdamedia
338 _avolume
_bnc
_2rdacarrier
650 4 _aبراءات اختراع -- قوانين
_946871
999 _aA20421
_c23989
_d23989